Central Library OPAC University of Rajshahi

الفكر التربوي الإسلامي : قائمة ببليوغرافية ;; alfikr altarbawiu al'iislamiu : qayimat bibilyughrafia / (Record no. 79230)

MARC details
000 -LEADER
fixed length control field 01204nam a22002657a 4500
001 - CONTROL NUMBER
control field 79230
003 - CONTROL NUMBER IDENTIFIER
rucl marc code BD-RjUL
005 - DATE AND TIME OF LATEST TRANSACTION
control field 20220329092106.0
008 - FIXED-LENGTH DATA ELEMENTS--GENERAL INFORMATION
fixed length control field 220120s1992 ku ||||| |||| 00| 0 ara d
035 ## - SYSTEM CONTROL NUMBER
System control number (BD-RjUL)79230
040 ## - CATALOGING SOURCE
Original cataloging agency BD-RjUL
Language of cataloging eng
Transcribing agency BD-RjUL
041 ## - LANGUAGE CODE
Language code of text/sound track or separate title ara
082 ## - DEWEY DECIMAL CLASSIFICATION NUMBER
Edition number 23
Classification number 016.370917671
Author mark and year ATF 1992
100 ## - MAIN ENTRY--PERSONAL NAME
Personal name Attia, Mohieldin ;; عطية، محيي الدين
9 (RLIN) 823
Dates associated with a name 1934-
245 14 - TITLE STATEMENT
Title الفكر التربوي الإسلامي : قائمة ببليوغرافية ;; alfikr altarbawiu al'iislamiu : qayimat bibilyughrafia /
Statement of responsibility, etc. محيي الدين عطية. ;; Mohieddin Attia.
250 ## - EDITION STATEMENT
Edition statement 3rd edition
260 ## - PUBLICATION, DISTRIBUTION, ETC. (IMPRINT)
Place of publication, distribution, etc. رياض : Riyadh :
Name of publisher, distributor, etc. هيرندن، الولايات المتحدة الأمريكية : المعهد العالمي للفكر الإسلامي،
Date of publication, distribution, etc. 1992
300 ## - PHYSICAL DESCRIPTION
Pagination 136 p. ;
Size 22 cm
490 ## - SERIES STATEMENT
Series statement سلسلة الادلة والكشافات ;silsilat aladilat walkishaafat ;
Volume/sequential designation ٥
500 ## - GENERAL NOTE
General note Include s Index
650 ## - SUBJECT ADDED ENTRY--TOPICAL TERM
Topical term or geographic name as entry element Islamic Education
Form subdivision bibliography
9 (RLIN) 824
Topical term or geographic name as entry element Education
Form subdivision IslamicCountries
General subdivision bibliography
9 (RLIN) 825
830 ## - SERIES ADDED ENTRY--UNIFORM TITLE
Uniform title سلسلة الادلة والكشافات ;silsilat aladilat walkishaafat ;
Volume number/sequential designation 5
942 ## - ADDED ENTRY ELEMENTS (KOHA)
Source of classification or shelving scheme Dewey Decimal Classification
Koha item type Books
Holdings
Lost status Source of classification or shelving scheme Damaged status Not for loan Collection code Permanent Location Current Location Shelving location Date acquired Source of acquisition Full call number Date last seen Copy number Koha item type
  Dewey Decimal Classification   Not For Loan Non-fiction Central Library, University of Rajshahi Central Library, University of Rajshahi Reading Room 30/09/1996 The International Institute of Islamic Thought, Dhaka, Bangladesh AR 016.370917671 ATF 1992 20/01/2022 C-1 Books